000 00350nam a2200121Ia 4500
008 250110s9999 xx 000 0 und d
041 _aeng
100 _aBabar Priyanka
245 _aCorporate Headquarters For Solar Kirloskar Company
260 _bFinal year B Arch, Pune
_c2012
300 _a95p
700 _aGuide Name:Sahastrabuddhe Swati
_9209951
999 _c363144
_d363144